<?xml version="1.0" encoding="UTF-8"?>
<marc:record xmlns:marc="http://www.loc.gov/MARC21/slim">
   <marc:leader>00000nam a2200000 a 4500</marc:leader>
   <marc:datafield ind1="1" ind2=" " tag="100">
      <marc:subfield code="a">Kempter, Christa</marc:subfield>
      <marc:subfield code="4">aut</marc:subfield>
      <marc:subfield code="e">Verfasser/-in</marc:subfield>
   </marc:datafield>
   <marc:datafield ind1="0" ind2="0" tag="245">
      <marc:subfield code="a">Herr Hase und Frau Bär - immer Ärger mit Frau Bär</marc:subfield>
   </marc:datafield>
   <marc:datafield ind1=" " ind2="1" tag="264">
      <marc:subfield code="b">NordSüd</marc:subfield>
      <marc:subfield code="c">2018</marc:subfield>
   </marc:datafield>
   <marc:datafield ind1="1" ind2=" " tag="520">
      <marc:subfield code="a">Frau Bärs untrüglicher Sinn für Unordnung macht Herrn Hase schwer zu schaffen. Immer die vielen Krümel auf der Treppe. Das hält ja kein Hase aus. Als er sich zum x-ten Mal beschwert, rauscht Frau Bär beleidigt davon. Doch als sie dann weg ist, merkt Herr Hase, dass ihm Frau Bär ganz schrecklich fehlt. Und plötzlich sind die paar Krümel auf der Treppe gar nicht mehr so schlimm.
(Quelle: Verlagstext)</marc:subfield>
   </marc:datafield>
   <marc:datafield ind1=" " ind2=" " tag="020">
      <marc:subfield code="a">9783314104190</marc:subfield>
      <marc:subfield code="9">9783314104190</marc:subfield>
   </marc:datafield>
</marc:record>
